[Event "ECU-ch U18"]
[Site "Riobamba"]
[Date "2023.04.13"]
[Round "3"]
[White "Nunez Villavicencio, Jorge Daniel"]
[Black "Cevallos Mendoza, Carlos Alejandro"]
[Result "1-0"]
[WhiteElo "1730"]
[BlackElo "1307"]
[PlyCount "81"]
[EventDate "2023.04.12"]
[EventType "swiss"]
[EventRounds "9"]
[EventCountry "ECU"]
[SourceTitle "EXT 2024"]
[Source "ChessBase"]
[SourceDate "2023.10.10"]
[SourceVersion "1"]
[SourceVersionDate "2023.10.10"]
[SourceQuality "1"]

1. e4 e6 2. d4 d5 3. Nd2 a6 4. c3 Nf6 5. e5 Nfd7 6. Bd3 c5 7. Ne2 Nc6 8. 0-0 Be7 9. Nf3 Nf8 10. a3 Ng6 11. b4 cxd4 12. cxd4 0-0 13. Nf4 Nxf4 14. Bxf4 Bd7 15. Qc2 g6 16. Qd2 Qb6 17. Qe3 Rfc8 18. Rfd1 Qd8 19. Ng5 Qf8 20. h4 Nd8 21. h5 Qg7 22. Nf3 Kh8 23. Bh6 Qg8 24. Bg5 Bxg5 25. Qxg5 Bb5 26. hxg6 fxg6 27. Qf6+ Qg7 28. Ng5 Qxf6 29. exf6 h6 30. Nf3 Bxd3 31. Rxd3 Nf7 32. Re1 Rc6 33. Rde3 Re8 34. Ne5 Nxe5 35. Rxe5 Rd6 36. f7 Rf8 37. Rxe6 Rxe6 38. Rxe6 Rxf7 39. Rxg6 Rf8 40. Rxh6+ Kg7 41. Rb6 1-0

[Event "Ibague op"]
[Site "Ibague"]
[Date "2022.10.07"]
[Round "6"]
[White "Cuellar Canosa, Nicolas"]
[Black "Nunez Villavicencio, Jorge Daniel"]
[Result "1-0"]
[WhiteElo "1860"]
[BlackElo "1643"]
[PlyCount "107"]
[EventDate "2022.10.05"]
[EventType "swiss"]
[EventRounds "10"]
[EventCountry "COL"]
[SourceTitle "CBM 210 Extra"]
[Source "ChessBase"]
[SourceDate "2022.11.30"]
[SourceVersion "1"]
[SourceVersionDate "2022.11.30"]
[SourceQuality "1"]

1. e4 c5 2. Nf3 Nc6 3. d4 cxd4 4. Nxd4 Nf6 5. Nc3 g6 6. Be3 Bg7 7. Nxc6 bxc6 8. e5 Nd5 9. Nxd5 cxd5 10. Qxd5 Rb8 11. Bc4 0-0 12. 0-0-0 Qc7 13. Bb3 Bxe5 14. Qc5 Qxc5 15. Bxc5 d6 16. Bxa7 Ra8 17. Bd4 Bxd4 18. Rxd4 Be6 19. Kb1 Bxb3 20. axb3 f5 21. Ra4 Rab8 22. Ra7 Kf7 23. Re1 Rfe8 24. Re3 Kf6 25. Rc3 h5 26. h4 g5 27. hxg5+ Kxg5 28. Rg3+ Kf6 29. Ra4 Rg8 30. Rxg8 Rxg8 31. g3 e5 32. Rh4 Kg5 33. Rh2 Rb8 34. Kc1 d5 35. Kd2 d4 36. Kd3 Rb4 37. f4+ exf4 38. gxf4+ Kxf4 39. Rxh5 Ke5 40. Rh4 Kd5 41. Rh8 Ke5 42. Ra8 Kf4 43. Ra4 Rxa4 44. bxa4 Kg3 45. a5 f4 46. a6 f3 47. a7 f2 48. a8Q f1Q+ 49. Kxd4 Qf6+ 50. Kd3 Qxb2 51. Qg8+ Kf3 52. Qf7+ Kg3 53. Qg6+ Kf4 54. Qg8 1-0

[Event "ECU-ch"]
[Site "Salinas"]
[Date "2021.12.17"]
[Round "3"]
[White "Zambrano Acebo, Jean Carlos"]
[Black "Nunez Villavicencio, Jorge Daniel"]
[Result "1/2-1/2"]
[WhiteElo "1993"]
[BlackElo "1512"]
[PlyCount "84"]
[EventDate "2021.12.16"]
[EventType "swiss"]
[EventRounds "7"]
[EventCountry "ECU"]
[SourceTitle "EXT 2023"]
[Source "ChessBase"]
[SourceDate "2022.10.05"]
[SourceVersion "1"]
[SourceVersionDate "2022.10.05"]
[SourceQuality "1"]

1. e4 c5 2. d4 cxd4 3. c3 Nf6 4. e5 Nd5 5. Qxd4 e6 6. Nf3 Nc6 7. Qe4 Be7 8. Bd3 d6 9. exd6 Qxd6 10. 0-0 f5 11. Qe2 0-0 12. Na3 Bf6 13. Nb5 Qe7 14. Bc4 Rd8 15. Rd1 b6 16. Nbd4 Nxd4 17. Nxd4 Bxd4 18. Rxd4 Bb7 19. Qh5 Qf7 20. Qxf7+ Kxf7 21. Bg5 Nf6 22. Rad1 Rxd4 23. Rxd4 Re8 24. f3 Kg6 25. h4 h6 26. Be3 e5 27. Rd6 f4 28. Bf2 Re7 29. Be6 e4 30. Bd4 Ne8 31. h5+ Kg5 32. Rd7 Rxe6 33. Rxb7 e3 34. Kf1 Kxh5 35. Rxa7 Nd6 36. Rxg7 Nc4 37. Ke2 Nxb2 38. g3 fxg3 39. Rxg3 Nc4 40. Rg4 b5 41. Re4 Ra6 42. Bxe3 Rxa2+ 1/2-1/2

[Event "ECU-ch"]
[Site "Banos de Agua Santa"]
[Date "2020.03.11"]
[Round "3"]
[White "Aspiazu Sibri, Marlon Steven"]
[Black "Nunez Villavicencio, Jorge Daniel"]
[Result "1/2-1/2"]
[WhiteElo "2018"]
[BlackElo "1598"]
[PlyCount "114"]
[EventDate "2020.03.10"]
[EventType "swiss"]
[EventRounds "9"]
[EventCountry "ECU"]
[SourceTitle "CBM 195 Extra"]
[Source "ChessBase"]
[SourceDate "2020.05.31"]
[SourceVersion "1"]
[SourceVersionDate "2020.05.31"]
[SourceQuality "1"]

1. c4 c5 2. Nf3 g6 3. d4 cxd4 4. Nxd4 Bg7 5. e4 Nc6 6. Nc2 d6 7. Be2 a5 8. 0-0 Nf6 9. Nc3 0-0 10. Rb1 Nd7 11. Be3 Nb6 12. Nd4 Nxd4 13. Bxd4 Be6 14. Re1 Bxd4 15. Qxd4 Qc7 16. b3 Qc5 17. Qxc5 dxc5 18. Bf3 Rfd8 19. e5 Rd7 20. Rbd1 Rb8 21. Nd5 Bxd5 22. cxd5 Rbd8 23. Rc1 Nxd5 24. Rxc5 b6 25. Rc6 e6 26. a3 Nf4 27. Rxb6 Nd3 28. Rd1 Nxe5 29. Rxd7 Nxf3+ 30. gxf3 Rxd7 31. a4 Rd2 32. Rb5 Rb2 33. f4 Kg7 34. Kg2 f5 35. Kf3 Kf6 36. h4 h5 37. Rb7 Ra2 38. Ke3 Rb2 39. Kf3 Ra2 40. Kg3 Rb2 41. Kg2 Rc2 42. Rb5 Rb2 43. Rxa5 Rxb3 44. Ra8 Rb4 45. Kg3 Rb3+ 46. f3 Rb2 47. a5 Ra2 48. a6 Kg7 49. Ra7+ Kh8 50. Kh3 Kg8 51. Ra8+ Kh7 52. Kg3 Kg7 53. a7 Kh7 54. Kh3 Kg7 55. Kg3 Kh7 56. Re8 Rxa7 57. Rxe6 Ra2 1/2-1/2

[Event "Pan American-ch School U15"]
[Site "Medellin"]
[Date "2019.11.12"]
[Round "2"]
[White "Loaiza Cuervo, Santiago"]
[Black "Nunez Villavicencio, Jorge Daniel"]
[Result "1-0"]
[WhiteElo "1747"]
[BlackElo "1532"]
[PlyCount "84"]
[EventDate "2019.11.12"]
[EventType "swiss"]
[EventRounds "9"]
[EventCountry "COL"]
[SourceTitle "CBM 193 Extra"]
[Source "ChessBase"]
[SourceDate "2020.01.31"]
[SourceVersion "1"]
[SourceVersionDate "2020.01.31"]
[SourceQuality "1"]

1. e4 c5 2. Nf3 Nc6 3. d4 cxd4 4. Nxd4 g6 5. c4 Bg7 6. Be3 Nf6 7. Nc3 0-0 8. Be2 d6 9. 0-0 Bd7 10. Qd2 Nxd4 11. Bxd4 Bc6 12. f3 Nd7 13. Be3 a5 14. Rac1 Nc5 15. Qc2 Qc7 16. Rfd1 h5 17. Nd5 Bxd5 18. cxd5 Rac8 19. b3 Qd8 20. Bxc5 dxc5 21. Bc4 Bd4+ 22. Kh1 b6 23. f4 f6 24. Rf1 Qd6 25. f5 g5 26. h4 Qg3 27. Rf3 Qxh4+ 28. Rh3 Qg4 29. Qd2 h4 30. d6+ Kg7 31. dxe7 Rfe8 32. Be2 Qxe4 33. Bh5 Qxf5 34. Rf3 Qd7 35. Re1 Be5 36. Rd3 Qc6 37. Bxe8 Rxe8 38. Qd1 b5 39. Qh5 Qc8 40. Rxe5 fxe5 41. Rd6 Rxe7 42. Qxg5+ Kf8 1-0

[Event "Pan American-ch U14"]
[Site "Guayaquil"]
[Date "2019.07.26"]
[Round "8"]
[White "Nunez Villavicencio, Jorge Daniel"]
[Black "Farhat, Francisco"]
[Result "1-0"]
[WhiteElo "1596"]
[BlackElo "1674"]
[PlyCount "63"]
[EventDate "2019.07.21"]
[EventType "swiss"]
[EventRounds "9"]
[EventCountry "ECU"]
[SourceTitle "EXT 2020"]
[Source "ChessBase"]
[SourceDate "2019.10.17"]
[SourceVersion "1"]
[SourceVersionDate "2019.10.17"]
[SourceQuality "1"]

1. e4 e6 2. d4 d5 3. Nd2 dxe4 4. Nxe4 Bd7 5. Nf3 Bc6 6. Bd3 Nd7 7. c3 Ngf6 8. Nxf6+ Nxf6 9. 0-0 Bxf3 10. Qxf3 c6 11. Bg5 Be7 12. Rfe1 0-0 13. Rad1 Qd5 14. Qxd5 cxd5 15. f4 Bd6 16. f5 Rae8 17. fxe6 fxe6 18. Re2 a6 19. Rde1 Kf7 20. c4 Bb4 21. Rf1 dxc4 22. Bxc4 h6 23. Bxf6 gxf6 24. Rf3 b5 25. Bb3 Re7 26. a3 Bd6 27. Rc3 Rd8 28. Rc6 f5 29. Rxa6 Kf6 30. Rb6 b4 31. axb4 e5 32. dxe5+ 1-0

[Event "Pan American-ch U14"]
[Site "Guayaquil"]
[Date "2019.07.24"]
[Round "6"]
[White "Nunez Villavicencio, Jorge Daniel"]
[Black "Reyes Zavaleta, Fabian Ricardo"]
[Result "1-0"]
[WhiteElo "1596"]
[BlackElo "1457"]
[PlyCount "87"]
[EventDate "2019.07.21"]
[EventType "swiss"]
[EventRounds "9"]
[EventCountry "ECU"]
[SourceTitle "EXT 2020"]
[Source "ChessBase"]
[SourceDate "2019.10.17"]
[SourceVersion "1"]
[SourceVersionDate "2019.10.17"]
[SourceQuality "1"]

1. e4 c5 2. Nf3 d6 3. d4 cxd4 4. Nxd4 Nf6 5. Nc3 a6 6. Bg5 e6 7. f4 Be7 8. Qf3 h6 9. Bh4 Qc7 10. 0-0-0 b5 11. g4 Bb7 12. Bxf6 Bxf6 13. f5 Bxd4 14. Rxd4 Nc6 15. Rd1 Ne5 16. Qf4 Rc8 17. a3 d5 18. Rg1 exf5 19. gxf5 dxe4 20. Bg2 Nf3 21. Qg4 0-0 22. Kb1 Rfd8 23. Nxe4 Bxe4 24. Qxe4 Rxd1+ 25. Rxd1 Ng5 26. Qd5 Qxh2 27. c3 Re8 28. Qb7 Kh7 29. Rh1 Qg3 30. Ka2 Re2 31. Bd5 Qxc3 32. Rb1 Qf6 33. Bc6 Rc2 34. Bh1 Rf2 35. Bc6 Rc2 36. Bh1 Rc5 37. Rf1 Rxf5 38. Rc1 Rf2 39. Be4+ g6 40. Bc2 Rf4 41. Qc7 Rc4 42. Qh2 Rf4 43. Rh1 h5 44. Qxh5+ 1-0